LIBRARY & INFORMATION CENTRE, KCAET, TAVANUR

ONLINE PUBLIC ACCESS CATALOGUE (OPAC)

School kuttikal (Record no. 4326)

MARC details
000 -LEADER
fixed length control field 00356cam a2200169ua 4500
041 ## - LANGUAGE CODE
Language code of text/sound track or separate title mal
082 ## - DEWEY DECIMAL CLASSIFICATION NUMBER
Classification number 894.812308
Item number NOS/SC
100 ## - MAIN ENTRY--AUTHOR NAME
Personal name Nosov, N .
245 ## - TITLE STATEMENT
Title School kuttikal
260 ## - PUBLICATION, DISTRIBUTION, ETC. (IMPRINT)
Place of publication Punalur :
Name of publisher Udaya Press ,
Year of publication 1957.
300 ## - PHYSICAL DESCRIPTION
Number of Pages 250 ; .
942 ## - ADDED ENTRY ELEMENTS (KOHA)
Koha item type Books
Holdings
Withdrawn status Lost status Damaged status Home library Current library Date acquired Full call number Accession Number Koha item type
Withdrawn     KAUAET Malayalam University 07/04/2012 894.812308 1059 Books
free website counter